[Event "As CC-ch A"]
[Site "As"]
[Date "2018.03.01"]
[Round "6"]
[White "Midtgard, Anders"]
[Black "Moberg, Jan Rune"]
[Result "0-1"]
[WhiteElo "1623"]
[BlackElo "1690"]
[PlyCount "90"]
[EventDate "2018.01.11"]
[EventType "tourn"]
[EventRounds "9"]
[EventCountry "NOR"]
[SourceTitle "EXT 2024"]
[Source "ChessBase"]
[SourceDate "2023.10.10"]
[SourceVersion "1"]
[SourceVersionDate "2023.10.10"]
[SourceQuality "1"]

1. e4 d6 2. d4 Nf6 3. Nc3 Nbd7 4. f4 e5 5. Nf3 exf4 6. Bxf4 Be7 7. Bc4 0-0 8. 0-0 c6 9. a4 Nb6 10. Bb3 a5 11. h3 d5 12. e5 Ne4 13. Nxe4 dxe4 14. Nh2 c5 15. c3 cxd4 16. cxd4 Nd5 17. Rc1 Be6 18. Bxd5 Qxd5 19. Rc7 Bb4 20. Be3 Rac8 21. Rxc8 Rxc8 22. Qh5 Qb3 23. Bg5 Qxb2 24. d5 Qd4+ 25. Kh1 Qxd5 26. Ng4 e3 27. Bf6 Bf8 28. Qg5 Bxg4 29. Qxg4 Qc4 30. Rf4 Qc1+ 31. Kh2 e2 32. e6 e1Q 33. exf7+ Kh8 34. Bxg7+ Bxg7 35. f8Q+ Rxf8 36. Rxf8+ Bxf8 37. Qd4+ Kg8 38. Qd5+ Kg7 39. Qd7+ Qe7 40. Qd4+ Kf7 41. Qd5+ Qe6 42. Qxb7+ Kg6 43. Qf3 Bd6+ 44. g3 Qc2+ 45. Kg1 Qe1+ 0-1

[Event "As Autumn"]
[Site "As"]
[Date "2017.09.21"]
[Round "3"]
[White "Midtgard, Anders"]
[Black "Moberg, Jan Rune"]
[Result "1-0"]
[WhiteElo "1185"]
[BlackElo "1520"]
[PlyCount "79"]
[EventDate "2017.08.31"]
[EventType "swiss"]
[EventRounds "9"]
[EventCountry "NOR"]
[SourceTitle "EXT 2024"]
[Source "ChessBase"]
[SourceDate "2023.10.10"]
[SourceVersion "1"]
[SourceVersionDate "2023.10.10"]
[SourceQuality "1"]

1. e4 Nf6 2. e5 Ng8 3. d4 d5 4. f4 Bf5 5. Bd3 Bxd3 6. Qxd3 e6 7. Qb5+ Nd7 8. Qxb7 c5 9. c3 Ne7 10. Qb3 Nc6 11. Nf3 Be7 12. 0-0 0-0 13. Be3 Rb8 14. Qc2 Qb6 15. b3 Rfc8 16. Qd3 a5 17. Nbd2 cxd4 18. Nxd4 Nxd4 19. Bxd4 Bc5 20. Kh1 Qc6 21. Rf3 g6 22. Rb1 Bf8 23. g4 Nc5 24. Qe3 Rb7 25. Rbf1 Re8 26. f5 exf5 27. gxf5 Ne4 28. Nxe4 dxe4 29. Rf4 Bg7 30. Qxe4 Qxe4+ 31. Rxe4 Rbe7 32. f6 Bxf6 33. Rxf6 Kg7 34. h4 h5 35. e6 Kh7 36. Rxf7+ Kg8 37. Rxe7 Rxe7 38. Bc5 Re8 39. e7 Kf7 40. Rf4+ 1-0

[Event "As Autumn"]
[Site "As"]
[Date "2017.08.31"]
[Round "1"]
[White "Lea, Per"]
[Black "Midtgard, Anders"]
[Result "1/2-1/2"]
[WhiteElo "1470"]
[BlackElo "1185"]
[PlyCount "57"]
[EventDate "2017.08.31"]
[EventType "swiss"]
[EventRounds "9"]
[EventCountry "NOR"]
[SourceTitle "EXT 2024"]
[Source "ChessBase"]
[SourceDate "2023.10.10"]
[SourceVersion "1"]
[SourceVersionDate "2023.10.10"]
[SourceQuality "1"]

1. e4 e6 2. d4 d5 3. Nc3 Bb4 4. e5 Ne7 5. a3 Bxc3+ 6. bxc3 c5 7. Qg4 Qc7 8. Qxg7 Rg8 9. Qxh7 cxd4 10. Ne2 dxc3 11. f4 Nbc6 12. Qd3 d4 13. Nxd4 Nxd4 14. Qxd4 Bd7 15. a4 Nf5 16. Qf2 Bc6 17. Bb5 Rd8 18. 0-0 Qd7 19. Ra3 Nh4 20. Bxc6 Qxc6 21. g3 Ke7 22. Be3 b6 23. a5 Nf5 24. axb6 Nxe3 25. Rxa7+ Ke8 26. Qxe3 Rd2 27. Rf2 Rd1+ 28. Rf1 Rd2 29. Rf2 1/2-1/2